| 000 | 01169nam a2200229Ia 4500 | ||
|---|---|---|---|
| 001 | 10366 | ||
| 003 | GE_BSU | ||
| 008 | 181216s||||||||xx |||||||||||||| ||und|| | ||
| 040 | _cGE_BSU | ||
| 080 | _a821.353.1–32 | ||
| 100 | _aუიარაღო,(თათარაშვილი,კონდრატე) | ||
| 245 | _aთხზულებათა სრული კრებული ორ ტომად. ტ1 | ||
| 245 | _bმოთხრობები,ნარკვევები და წერილები. XXXIV | ||
| 245 | _cშეადგ.შესავ.წერილი წაუმძღვარა და შენიშვნ.დაურთო ს.ცაიშვილმა.რედ.გროგოლ.ჩიქოვანი.მხატვ.ი.ჯანაშვილი | ||
| 260 | _aთბილისი | ||
| 260 | _bსაბჭ.მწერალი | ||
| 260 | _c1957 | ||
| 300 | _a638გვ.23სმ. | ||
| 653 | _aთხზულებათა სრული კრებული | ||
| 653 | _aმოთხრობები,ნარკვევები და წერილები | ||
| 942 | _cBK | ||
| 999 |
_c43631 _d43631 |
||